[Event "Titled Tuesday intern op 27th Aug Early"]
[Site "Chess.com INT"]
[Date "2024.08.27"]
[Round "11"]
[White "Sek, Konstantin"]
[Black "Stojanovski, Sandi"]
[Result "1-0"]
[WhiteElo "2382"]
[BlackElo "2169"]
[PlyCount "105"]
[EventDate "2024.08.27"]
[EventType "swiss (blitz)"]
[EventRounds "11"]
[EventCountry "USA"]
[SourceTitle "EXT 2025"]
[Source "ChessBase"]
[SourceDate "2024.10.14"]
[SourceVersion "1"]
[SourceVersionDate "2024.10.14"]
[SourceQuality "1"]

1. e4 Nf6 2. e5 Nd5 3. d4 d6 4. Nf3 Bg4 5. Be2 e6 6. 0-0 Be7 7. c4 Nb6 8. Nc3 0-0 9. Be3 a6 10. Rc1 Bxf3 11. Bxf3 Nxc4 12. Bxb7 Ra7 13. Be4 d5 14. Bb1 c5 15. Qd3 g6 16. Bh6 Re8 17. b3 Na3 18. dxc5 Nc6 19. Na4 Nxe5 20. Qe2 Nc6 21. Qb2 Bf6 22. Qxa3 g5 23. b4 Ne7 24. Nb6 e5 25. Qg3 Ng6 26. Rfd1 d4 27. Be4 Nf4 28. Bxg5 Ne2+ 29. Kf1 Nxg3+ 30. hxg3 Bxg5 31. Rc2 Re6 32. Nc4 Rh6 33. Ke2 Qd7 34. Nd6 Rxd6 35. cxd6 Qxd6 36. Rc6 Qxb4 37. Kf3 Qa3+ 38. Kg4 h6 39. Bd5 Qb2 40. f4 exf4 41. gxf4 Be7 42. Rxh6 Qe2+ 43. Bf3 Qe3 44. Rdh1 f5+ 45. Kxf5 Bf8 46. Rh8+ Kf7 47. R1h7+ Bg7 48. Bd5+ Ke7 49. Rxg7+ Kd6 50. Rxa7 Kxd5 51. Rd8+ Kc4 52. Rad7 Qd3+ 53. Kf6 1-0

[Event "Titled Tuesday intern op 27th Aug Early"]
[Site "Chess.com INT"]
[Date "2024.08.27"]
[Round "2"]
[White "Stojanovski, Sandi"]
[Black "Goldin, Roman"]
[Result "1-0"]
[WhiteElo "2169"]
[BlackElo "2288"]
[PlyCount "75"]
[EventDate "2024.08.27"]
[EventType "swiss (blitz)"]
[EventRounds "11"]
[EventCountry "USA"]
[SourceTitle "EXT 2025"]
[Source "ChessBase"]
[SourceDate "2024.10.14"]
[SourceVersion "1"]
[SourceVersionDate "2024.10.14"]
[SourceQuality "1"]

1. d3 d5 2. Nf3 Nf6 3. g3 g6 4. Bg2 Bg7 5. 0-0 0-0 6. c4 d4 7. b4 c5 8. bxc5 Nc6 9. Nbd2 Nd7 10. Nb3 a5 11. a4 Qc7 12. Bb2 e5 13. Nfd2 Re8 14. Ne4 Bf8 15. e3 dxe3 16. fxe3 f5 17. Nd6 Bxd6 18. cxd6 Qxd6 19. d4 e4 20. c5 Qd5 21. Rf2 Nf6 22. Bf1 Be6 23. Nd2 Ng4 24. Re2 Nb4 25. h3 Nf6 26. Rg2 Nd3 27. Bxd3 exd3 28. Qf1 Ne4 29. Qxd3 Nxc5 30. Qb5 Ne4 31. Qxd5 Bxd5 32. Nxe4 Bxe4 33. Rd2 Red8 34. Rc1 Rac8 35. Rxc8 Rxc8 36. d5 Kf7 37. d6 Ke6 38. Bc3 1-0

[Event "Abu Dhabi Masters Online"]
[Site "Chess.com INT"]
[Date "2024.08.21"]
[Round "10"]
[White "Eggleston, Thomas"]
[Black "Stojanovski, Sandi"]
[Result "0-1"]
[WhiteElo "2188"]
[BlackElo "2169"]
[PlyCount "112"]
[EventDate "2024.08.21"]
[EventType "swiss (blitz)"]
[EventRounds "11"]
[EventCountry "UAE"]
[SourceTitle "CBM 221 Extra"]
[Source "ChessBase"]
[SourceDate "2024.09.30"]
[SourceVersion "1"]
[SourceVersionDate "2024.09.30"]
[SourceQuality "1"]

1. e4 d6 2. d4 Nf6 3. Nc3 g6 4. Nf3 Bg7 5. h3 0-0 6. Be3 Nc6 7. Be2 e5 8. 0-0 exd4 9. Nxd4 Nxd4 10. Bxd4 Re8 11. Bf3 Bd7 12. Re1 c5 13. Be3 Bc6 14. e5 Rxe5 15. Bxc6 bxc6 16. Qf3 Nd5 17. Nxd5 cxd5 18. Bf4 Rf5 19. g4 Rxf4 20. Qxf4 Bxb2 21. Rab1 Be5 22. Qf3 Qf6 23. Qxd5 Rf8 24. Qg2 a5 25. Rb3 Qe6 26. Kh1 Qc4 27. Qe4 Qxe4+ 28. Rxe4 f5 29. gxf5 gxf5 30. Ra4 Kf7 31. Rxa5 Ke6 32. c4 f4 33. Kg2 Rg8+ 34. Kf3 Rg1 35. Ra8 Rc1 36. Re8+ Kd7 37. Reb8 Rxc4 38. R8b7+ Ke6 39. Rxh7 Rc2 40. Rh6+ Kd5 41. a4 Bd4 42. Kg4 Rxf2 43. Rh5+ Be5 44. Rf3 Ra2 45. Rxf4 c4 46. Rf3 Rxa4 47. Kf5 Kd4 48. Rh4+ Kd5 49. Rg4 Rb4 50. h4 Rb3 51. Rxb3 cxb3 52. Rb4 b2 53. h5 Kc5 54. Rb7 Kc4 55. h6 Kc3 56. h7 Kc2 0-1

[Event "Abu Dhabi Masters Online"]
[Site "Chess.com INT"]
[Date "2024.08.21"]
[Round "4"]
[White "Rodriguez Rivero, Jinela de Cari"]
[Black "Stojanovski, Sandi"]
[Result "1/2-1/2"]
[WhiteElo "2141"]
[BlackElo "2169"]
[PlyCount "119"]
[EventDate "2024.08.21"]
[EventType "swiss (blitz)"]
[EventRounds "11"]
[EventCountry "UAE"]
[SourceTitle "CBM 221 Extra"]
[Source "ChessBase"]
[SourceDate "2024.09.30"]
[SourceVersion "1"]
[SourceVersionDate "2024.09.30"]
[SourceQuality "1"]

1. e4 Nf6 2. e5 Nd5 3. c4 Nb6 4. d4 d6 5. exd6 exd6 6. Nc3 Be7 7. Bd3 0-0 8. Nge2 Bg5 9. 0-0 Bxc1 10. Qxc1 Nc6 11. a3 Na5 12. Qc2 h6 13. c5 Nd7 14. cxd6 cxd6 15. Rac1 Nf6 16. Nf4 Nc6 17. Nce2 Bg4 18. h3 Bxe2 19. Nxe2 Rc8 20. Qd2 Qb6 21. Bb1 Rfe8 22. Rfd1 Ne4 23. Bxe4 Rxe4 24. d5 Ne7 25. Rxc8+ Nxc8 26. Qc2 Re8 27. Nd4 Ne7 28. Nf3 Rc8 29. Qe2 Ng6 30. g3 Qb3 31. Rd2 Qc4 32. Qd1 Qc1 33. Kg2 Qxd1 34. Rxd1 Kf8 35. Nd4 a6 36. Nf5 Rc2 37. b4 Ne5 38. Nxd6 Nc4 39. Nxc4 Rxc4 40. d6 Ke8 41. Rd3 Kd7 42. f4 Rc6 43. Kf3 Rxd6 44. Rxd6+ Kxd6 45. Ke4 g6 46. g4 f6 47. h4 Ke6 48. Kd4 b6 49. a4 f5 50. g5 hxg5 51. hxg5 Kd6 52. Kc4 Kc6 53. Kd4 Kd6 54. Kc4 Kc6 55. a5 bxa5 56. bxa5 Kd6 57. Kd4 Kc6 58. Kc4 Kd6 59. Kd4 Kc6 60. Kc4 1/2-1/2

[Event "Abu Dhabi Masters Online"]
[Site "Chess.com INT"]
[Date "2024.08.21"]
[Round "3"]
[White "Stojanovski, Sandi"]
[Black "Baskakov, Egor"]
[Result "0-1"]
[WhiteElo "2169"]
[BlackElo "2215"]
[PlyCount "74"]
[EventDate "2024.08.21"]
[EventType "swiss (blitz)"]
[EventRounds "11"]
[EventCountry "UAE"]
[SourceTitle "CBM 221 Extra"]
[Source "ChessBase"]
[SourceDate "2024.09.30"]
[SourceVersion "1"]
[SourceVersionDate "2024.09.30"]
[SourceQuality "1"]

1. d3 d5 2. Nf3 g6 3. g3 Bg7 4. Bg2 Nf6 5. 0-0 0-0 6. c4 c5 7. Nc3 e6 8. Bf4 Nc6 9. Ne5 Nxe5 10. Bxe5 d4 11. Na4 Qe7 12. a3 Bd7 13. Rb1 a5 14. Nb6 Ra6 15. Nxd7 Nxd7 16. Bxg7 Kxg7 17. Bxb7 Rb6 18. Bg2 Rfb8 19. Qa4 Rxb2 20. Rxb2 Rxb2 21. Qxa5 Ne5 22. Bf3 g5 23. h3 f5 24. Re1 g4 25. hxg4 fxg4 26. Bg2 Qf6 27. Qa7+ Kh6 28. Rd1 Rxe2 29. Rf1 Nxd3 30. Qa8 Rxf2 31. Rxf2 Qxf2+ 32. Kh2 Qf6 33. Qc6 Ne1 34. a4 d3 35. Qxc5 Nxg2 36. Kxg2 Qf3+ 37. Kg1 d2 0-1